[Event "EU-Cup 39th"]
[Site "Vrnjacka Banja"]
[Date "2024.10.23"]
[Round "4.2"]
[White "Keilhack, Harald"]
[Black "Quinn, Rory"]
[Result "1/2-1/2"]
[WhiteElo "2221"]
[BlackElo "2106"]
[PlyCount "61"]
[EventDate "2024.10.20"]
[EventType "team-swiss"]
[EventRounds "7"]
[EventCountry "SRB"]
[SourceTitle "CB44_2024"]
[Source "Chessbase"]
[SourceDate "2024.10.30"]
[SourceVersion "1"]
[SourceVersionDate "2024.10.30"]
[SourceQuality "1"]
[WhiteTeam "Schoenaich"]
[BlackTeam "Ennis"]
[WhiteTeamCountry "GER"]
[BlackTeamCountry "IRL"]

1. Nf3 d5 2. e3 Bg4 3. c4 e6 4. Nc3 c6 5. h3 Bxf3 6. Qxf3 Nf6 7. d4 Bd6 8. Bd3 Nbd7 9. 0-0 0-0 10. b3 Qa5 11. Bb2 Ba3 12. Qe2 Rfe8 13. Bxa3 Qxa3 14. Qc2 Rad8 15. cxd5 exd5 16. Qc1 Qe7 17. b4 a6 18. a4 Rc8 19. Qb2 Ne4 20. Nxe4 dxe4 21. Bc4 b5 22. axb5 axb5 23. Bb3 Nb6 24. Rfc1 Qb7 25. Rc5 Nd7 26. Rc2 Red8 27. Rac1 Nb6 28. Rc5 Nd7 29. R5c2 Nb6 30. Rc5 Nd7 31. R5c2 1/2-1/2

[Event "EU-Cup 39th"]
[Site "Vrnjacka Banja"]
[Date "2024.10.22"]
[Round "3.2"]
[White "Keilhack, Harald"]
[Black "Neagu, Roberto Florin"]
[Result "1/2-1/2"]
[WhiteElo "2221"]
[BlackElo "2241"]
[PlyCount "58"]
[EventDate "2024.10.20"]
[EventType "team-swiss"]
[EventRounds "7"]
[EventCountry "SRB"]
[SourceTitle "CB44_2024"]
[Source "Chessbase"]
[SourceDate "2024.10.30"]
[SourceVersion "1"]
[SourceVersionDate "2024.10.30"]
[SourceQuality "1"]
[WhiteTeam "Schoenaich"]
[BlackTeam "Alcorcon Diagonal"]
[WhiteTeamCountry "GER"]
[BlackTeamCountry "ESP"]

1. Nf3 d5 2. e3 Nf6 3. c4 e6 4. Nc3 c5 5. d4 Nc6 6. a3 cxd4 7. exd4 Be7 8. Bd3 0-0 9. 0-0 dxc4 10. Bxc4 Nd5 11. Re1 Bf6 12. Ne4 Nce7 13. Nxf6+ Nxf6 14. Bg5 Nf5 15. Qb3 h6 16. Bxf6 Qxf6 17. d5 Nd6 18. dxe6 Nxc4 19. e7 Re8 20. Qxc4 Be6 21. Qb4 Qxe7 22. Qxe7 Rxe7 23. Nd4 Rae8 24. Nxe6 Rxe6 25. Kf1 Rxe1+ 26. Rxe1 Rc8 27. Re2 Rc1+ 28. Re1 Rc2 29. Re2 Rc1+ 1/2-1/2

[Event "BL2-Sued 2324"]
[Site "Germany"]
[Date "2024.02.24"]
[Round "7.7"]
[White "Trifan, Andrei Ioan"]
[Black "Keilhack, Harald"]
[Result "1-0"]
[WhiteElo "2302"]
[BlackElo "2233"]
[PlyCount "129"]
[EventDate "2023.10.21"]
[EventType "team-tourn"]
[EventRounds "10"]
[EventCountry "GER"]
[SourceTitle "EXT 2025"]
[Source "ChessBase"]
[SourceDate "2024.10.14"]
[SourceVersion "1"]
[SourceVersionDate "2024.10.14"]
[SourceQuality "1"]
[WhiteTeam "Baden-Baden II"]
[BlackTeam "Schoenaich"]
[WhiteTeamCountry "GER"]
[BlackTeamCountry "GER"]

1. Nf3 d5 2. d4 c5 3. c4 e6 4. cxd5 exd5 5. g3 Nf6 6. Bg2 Nc6 7. 0-0 Be7 8. dxc5 Bxc5 9. b3 0-0 10. Bb2 Re8 11. Nc3 a6 12. Rc1 Ba7 13. e3 Bg4 14. h3 Be6 15. Ne2 Ne4 16. Nf4 Qe7 17. Nd4 Bxd4 18. Bxd4 Rad8 19. Ba1 f6 20. Nxe6 Qxe6 21. Qg4 Qxg4 22. hxg4 Re7 23. Rfd1 Red7 24. Bd4 Nxd4 25. Rxd4 Kf7 26. Bxe4 dxe4 27. Rxe4 Rd1+ 28. Rxd1 Rxd1+ 29. Kg2 b5 30. Rd4 Ra1 31. a4 bxa4 32. Rxa4 Rb1 33. Rb4 Rb2 34. Kf3 a5 35. Rb5 Ra2 36. g5 a4 37. Rb7+ Kg6 38. gxf6 gxf6 39. bxa4 Rxa4 40. e4 h5 41. Rb6 Ra5 42. Kf4 Ra2 43. f3 Ra5 44. Re6 Ra4 45. Rd6 Rb4 46. Ke3 Rb3+ 47. Rd3 Rb2 48. f4 Ra2 49. Kf3 Rb2 50. Re3 Ra2 51. e5 fxe5 52. Rxe5 Ra3+ 53. Re3 Ra4 54. Re6+ Kg7 55. Rb6 Rc4 56. f5 Ra4 57. Rg6+ Kh7 58. Re6 Kg7 59. Re4 Ra3+ 60. Kf4 Kf7 61. Re3 Ra1 62. Kg5 Rf1 63. Ra3 Rg1 64. Kxh5 Kf6 65. Kg4 1-0

[Event "EU-Cup 38th"]
[Site "Durres"]
[Date "2023.10.06"]
[Round "6.4"]
[White "Gengler, Pierre"]
[Black "Keilhack, Harald"]
[Result "1-0"]
[WhiteElo "2130"]
[BlackElo "2233"]
[PlyCount "95"]
[EventDate "2023.10.01"]
[EventType "team-swiss"]
[EventRounds "7"]
[EventCountry "ALB"]
[SourceTitle "CBM 216 Extra"]
[Source "ChessBase"]
[SourceDate "2023.11.30"]
[SourceVersion "1"]
[SourceVersionDate "2023.11.30"]
[SourceQuality "1"]
[WhiteTeam "Differdange"]
[BlackTeam "Schoenaich"]
[WhiteTeamCountry "LUX"]
[BlackTeamCountry "GER"]

1. e4 c5 2. Nf3 e6 3. d4 cxd4 4. Nxd4 Nf6 5. Nc3 d6 6. g3 Nc6 7. Bg2 Bd7 8. 0-0 Be7 9. Ndb5 Qb8 10. Bf4 Ne5 11. Bg5 0-0 12. h3 a6 13. Bxf6 Bxf6 14. Nd4 Qc7 15. Nce2 Rac8 16. Rc1 b5 17. b3 Rfd8 18. f4 Nc6 19. Kh2 Nxd4 20. Nxd4 Qc3 21. Ne2 Qc5 22. c3 a5 23. Rf3 Bc6 24. Rd3 Ba8 25. Rc2 Be7 26. Rcd2 Re8 27. Nd4 g6 28. Ne2 Bf8 29. g4 Qf2 30. Rf3 Qc5 31. Ng3 Rcd8 32. Rfd3 e5 33. f5 Bh6 34. Nh5 Bf4+ 35. Nxf4 exf4 36. Re2 Qe5 37. Bf3 Kg7 38. Qe1 Rc8 39. g5 f6 40. gxf6+ Qxf6 41. Qd2 d5 42. exd5 Qxf5 43. Bg4 Qf7 44. Bxc8 Rxc8 45. d6 Kh6 46. Re7 Qf6 47. d7 Rd8 48. Re8 1-0

[Event "BL2-Sued 2223"]
[Site "Germany"]
[Date "2023.03.18"]
[Round "9.6"]
[White "Zude, Arno"]
[Black "Keilhack, Harald"]
[Result "1/2-1/2"]
[WhiteElo "2374"]
[BlackElo "2238"]
[PlyCount "34"]
[EventDate "2022.10.22"]
[EventType "team-tourn"]
[EventRounds "9"]
[EventCountry "GER"]
[SourceTitle "EXT 2024"]
[Source "ChessBase"]
[SourceDate "2023.10.10"]
[SourceVersion "1"]
[SourceVersionDate "2023.10.10"]
[SourceQuality "1"]
[WhiteTeam "Hofheim"]
[BlackTeam "Stuttgart"]
[WhiteTeamCountry "GER"]
[BlackTeamCountry "GER"]

1. e4 c5 2. Nf3 e6 3. d4 cxd4 4. Nxd4 Nf6 5. Nc3 d6 6. Be2 a6 7. 0-0 Be7 8. f4 0-0 9. Be3 Qc7 10. Kh1 b5 11. a3 Bb7 12. Bf3 Nbd7 13. Qe2 Rfe8 14. e5 Bxf3 15. Nxf3 Nd5 16. Nxd5 exd5 17. exd6 Bxd6 1/2-1/2

[Event "GER-chT Laender Seniors 50+"]
[Site "Templin"]
[Date "2018.09.15"]
[Round "6.2"]
[White "Keilhack, Harald"]
[Black "Neubauer, Jaroslaus"]
[Result "1/2-1/2"]
[WhiteElo "2250"]
[BlackElo "1994"]
[PlyCount "72"]
[EventDate "2018.09.10"]
[EventType "team-tourn"]
[EventRounds "7"]
[EventCountry "GER"]
[SourceTitle "EXT 2020"]
[Source "ChessBase"]
[SourceDate "2019.10.17"]
[SourceVersion "1"]
[SourceVersionDate "2019.10.17"]
[SourceQuality "1"]
[WhiteTeam "Wuerttemberg"]
[BlackTeam "Bayern"]
[WhiteTeamCountry "GER"]
[BlackTeamCountry "GER"]

1. Nf3 Nf6 2. c4 g6 3. Nc3 Bg7 4. e4 d6 5. d4 0-0 6. Be2 e5 7. 0-0 exd4 8. Nxd4 Re8 9. f3 c6 10. Kh1 Nbd7 11. Bg5 h6 12. Bh4 Nc5 13. Nc2 a5 14. Bf2 Be6 15. Qd2 Qe7 16. Rfe1 Nfd7 17. Rad1 Bf8 18. b3 Qf6 19. Bd4 Qe7 20. Bf1 g5 21. g3 Ne5 22. Be2 Bh3 23. Ne3 Ne6 24. f4 gxf4 25. gxf4 Nxf4 26. Rg1+ Neg6 27. Bg4 Bxg4 28. Nxg4 Bg7 29. Bxg7 Kxg7 30. Qd4+ f6 31. Rdf1 Ne6 32. Qd2 Ng5 33. Nxf6 Rf8 34. Nh5+ Kh7 35. Qg2 Nh4 36. Qg4 Nhf3 1/2-1/2

[Event "GER-chT Laender Seniors 50+"]
[Site "Templin"]
[Date "2018.09.14"]
[Round "5.2"]
[White "Lotzien, Hans"]
[Black "Keilhack, Harald"]
[Result "1/2-1/2"]
[WhiteElo "2133"]
[BlackElo "2250"]
[PlyCount "48"]
[EventDate "2018.09.10"]
[EventType "team-tourn"]
[EventRounds "7"]
[EventCountry "GER"]
[SourceTitle "EXT 2020"]
[Source "ChessBase"]
[SourceDate "2019.10.17"]
[SourceVersion "1"]
[SourceVersionDate "2019.10.17"]
[SourceQuality "1"]
[WhiteTeam "Nordrhein Westfalen"]
[BlackTeam "Wuerttemberg"]
[WhiteTeamCountry "GER"]
[BlackTeamCountry "GER"]

1. e4 c5 2. Nc3 e6 3. Bc4 Nc6 4. d3 Nf6 5. Bg5 Be7 6. Qd2 h6 7. Bxf6 Bxf6 8. Nge2 a6 9. a4 d6 10. 0-0 0-0 11. Ba2 Rb8 12. Nd1 Kh7 13. Bb1 g6 14. c3 b6 15. d4 e5 16. d5 Ne7 17. c4 Bg5 18. Qe1 b5 19. axb5 axb5 20. b4 Qb6 21. cxb5 Qxb5 22. bxc5 Qxc5 23. Qc3 Qb6 24. Bd3 Rd8 1/2-1/2

[Event "Pardubice op rap 25th"]
[Site "Pardubice"]
[Date "2014.07.17"]
[Round "7"]
[White "Horacek, Michal"]
[Black "Keilhack, Harald"]
[Result "0-1"]
[WhiteElo "2094"]
[BlackElo "2250"]
[PlyCount "108"]
[EventDate "2014.07.16"]
[EventType "swiss (rapid)"]
[EventRounds "9"]
[EventCountry "CZE"]
[SourceTitle "EXT 2015"]
[Source "ChessBase"]
[SourceDate "2014.11.20"]
[SourceVersion "1"]
[SourceVersionDate "2014.11.20"]
[SourceQuality "1"]

1. b3 Nf6 2. Bb2 e6 3. Nf3 Be7 4. e3 0-0 5. Be2 b6 6. 0-0 Bb7 7. d3 c5 8. Nbd2 Nc6 9. c4 d5 10. cxd5 Qxd5 11. d4 cxd4 12. Bc4 Qa5 13. Nxd4 Rfd8 14. Qe2 Nxd4 15. Bxd4 e5 16. b4 Qxb4 17. Rab1 Qd6 18. Bc3 Qc6 19. f3 b5 20. Rxb5 Ba6 21. Rxe5 Rxd2 22. Bxd2 Bxc4 23. Rc1 Qd6 24. Qxc4 Qxe5 25. e4 Rd8 26. Be3 Qb8 27. Qc7 Bd6 28. Qxb8 Bxb8 29. Rc6 h5 30. Bg5 Be5 31. Kf2 Rb8 32. Ra6 Rb2+ 33. Ke3 Rxg2 34. f4 Bc7 35. Kf3 Rxh2 36. Rxa7 Bb6 37. Ra8+ Kh7 38. Ra4 Rf2+ 39. Kg3 Re2 40. Bxf6 gxf6 41. Ra6 Bd4 42. Kh4 Rxe4 43. Kxh5 Rxf4 44. Ra4 Be3 45. Ra3 Bf2 46. Rh3 Kg7 47. Rh2 Bd4 48. Rg2+ Kf8 49. Rh2 Ke7 50. Kh6 Be5 51. Rh3 Ke6 52. Kh7 Rg4 53. Rh6 Rg2 54. a3 Rh2 0-1

[Event "Pardubice op rap 25th"]
[Site "Pardubice"]
[Date "2014.07.16"]
[Round "2"]
[White "Keilhack, Harald"]
[Black "Chekletsov, Ilya"]
[Result "1/2-1/2"]
[WhiteElo "2250"]
[BlackElo "2078"]
[PlyCount "141"]
[EventDate "2014.07.16"]
[EventType "swiss (rapid)"]
[EventRounds "9"]
[EventCountry "CZE"]
[SourceTitle "EXT 2015"]
[Source "ChessBase"]
[SourceDate "2014.11.20"]
[SourceVersion "1"]
[SourceVersionDate "2014.11.20"]
[SourceQuality "1"]

1. Nf3 Nf6 2. c4 c5 3. Nc3 Nc6 4. g3 g6 5. Bg2 Bg7 6. d4 cxd4 7. Nxd4 0-0 8. 0-0 Nxd4 9. Qxd4 d6 10. Qd3 Bf5 11. e4 Be6 12. Bd2 Rc8 13. b3 Nd7 14. Qe2 a6 15. Rac1 Re8 16. Rfd1 Ne5 17. h3 Nc6 18. Be3 Qa5 19. Nd5 b5 20. Bb6 Qa3 21. Nc7 Nd4 22. Qe3 Rf8 23. Nxe6 Nxe6 24. cxb5 axb5 25. Rxc8 Rxc8 26. Qe2 Rc1 27. Rxc1 Qxc1+ 28. Bf1 Nc5 29. Qxb5 Nxe4 30. Be3 Nd2 31. Qe2 Bc3 32. Bxd2 Qxd2 33. Qxd2 Bxd2 34. Bc4 e6 35. Kf1 d5 36. Bd3 Kf8 37. Ke2 Bb4 38. Bb5 Ke7 39. Kd3 Bc5 40. f3 Bb4 41. a4 g5 42. g4 h6 43. Bc6 f6 44. Bb5 Kd6 45. Be8 Ke5 46. Bf7 f5 47. gxf5 exf5 48. Ke2 d4 49. Bc4 Kf4 50. Kf2 h5 51. Bd3 Ba5 52. Bc4 Bd2 53. Bf7 h4 54. Bc4 Be3+ 55. Kg2 Bd2 56. Kf2 Bb4 57. Bd3 Bc3 58. Bc4 Bd2 59. Bd3 g4 60. fxg4 fxg4 61. hxg4 h3 62. g5 Be3+ 63. Kf1 Kf3 64. Bb5 Bxg5 65. Kg1 Bf4 66. a5 Bb8 67. Bc4 Ke4 68. b4 d3 69. Bxd3+ Kxd3 70. b5 Kc4 71. a6 1/2-1/2

[Event "Zalakaros op 28th"]
[Site "Zalakaros"]
[Date "2009.05.08"]
[Round "1"]
[White "Keilhack, Harald"]
[Black "Toplak, Stefan"]
[Result "1-0"]
[WhiteElo "2252"]
[BlackElo "1926"]
[PlyCount "65"]
[EventDate "2009.05.08"]
[EventType "swiss"]
[EventRounds "9"]
[EventCountry "HUN"]
[SourceTitle "CBM 130 Extra"]
[Source "ChessBase"]
[SourceDate "2009.07.02"]
[SourceVersion "2"]
[SourceVersionDate "2009.07.15"]
[SourceQuality "1"]

1. Nf3 Nf6 2. c4 d6 3. d4 c6 4. Nc3 Nbd7 5. e4 Qc7 6. Be2 g6 7. 0-0 Bg7 8. Re1 0-0 9. Bf1 Nh5 10. Rb1 a6 11. Bg5 Bf6 12. Be3 Bg7 13. Qc2 e6 14. Rbd1 Nhf6 15. h3 Ne8 16. g3 f5 17. exf5 exf5 18. Bf4 Ndf6 19. c5 Qd8 20. d5 Nh5 21. Bg5 Bf6 22. Bh6 Bg7 23. Bxg7 Nhxg7 24. dxc6 bxc6 25. cxd6 Nxd6 26. Qd3 Nge8 27. Rxe8 Rxe8 28. Qxd6 Qxd6 29. Rxd6 Bb7 30. Rd7 Rab8 31. Bc4+ Kh8 32. Ng5 Re1+ 33. Kh2 1-0

[Event "Oberliga Wuerttemberg 0809"]
[Site "Wuerttemberg"]
[Date "2008.11.30"]
[Round "3.3"]
[White "Keilhack, Harald"]
[Black "Meier, Annemarie Sylvia"]
[Result "1/2-1/2"]
[WhiteElo "2200"]
[BlackElo "2203"]
[PlyCount "22"]
[EventDate "2008.10.12"]
[EventType "team-tourn"]
[EventRounds "9"]
[EventCountry "GER"]
[SourceTitle "EXT 2019"]
[Source "ChessBase"]
[SourceDate "2018.10.10"]
[SourceVersion "1"]
[SourceVersionDate "2018.10.10"]
[SourceQuality "1"]
[WhiteTeam "Feuerbach"]
[BlackTeam "Stuttgart SF II"]
[WhiteTeamCountry "GER"]
[BlackTeamCountry "GER"]

1. Nf3 c5 2. c4 Nc6 3. d4 cxd4 4. Nxd4 Nf6 5. g3 Qb6 6. Nb5 a6 7. Be3 Qd8 8. N5c3 d6 9. Nd5 Nd7 10. Qb3 Na5 11. Qb4 Nc6 1/2-1/2

[Event "Oberliga Wuerttemberg 0304"]
[Site "Wuerttemberg"]
[Date "2004.01.19"]
[Round "5.6"]
[White "Reinhardt, Bernd"]
[Black "Keilhack, Harald"]
[Result "1/2-1/2"]
[WhiteElo "2200"]
[BlackElo "2246"]
[PlyCount "62"]
[EventDate "2003.09.28"]
[EventType "team"]
[EventRounds "9"]
[EventCountry "GER"]
[SourceTitle "EXT 2006"]
[Source "ChessBase"]
[SourceDate "2005.11.24"]
[SourceVersion "1"]
[SourceVersionDate "2005.11.24"]
[SourceQuality "1"]
[WhiteTeam "Stuttgart II"]
[BlackTeam "Ditzingen"]
[WhiteTeamCountry "GER"]
[BlackTeamCountry "GER"]

1. e4 c5 2. Nf3 e6 3. d4 cxd4 4. Nxd4 Nf6 5. Bd3 Nc6 6. Nxc6 dxc6 7. 0-0 e5 8. h3 Be6 9. Nd2 Qc7 10. b3 Bc5 11. Bb2 Nd7 12. Bc4 Bxc4 13. Nxc4 0-0 14. Qh5 Rfe8 15. Rad1 f6 16. Rd3 Nf8 17. Rfd1 Rad8 18. Qe2 Ne6 19. Qg4 Nf8 20. Nxe5 fxe5 21. Bxe5 Qxe5 22. Rxd8 Rxd8 23. Rxd8 Bxf2+ 24. Kf1 Bc5 25. Qf5 Qa1+ 26. Ke2 Qc3 27. e5 Qe3+ 28. Kd1 Qg1+ 29. Kd2 Qe3+ 30. Kd1 Qg1+ 31. Kd2 Qe3+ 1/2-1/2

[Event "Oberliga Wuerttemberg 0304"]
[Site "Wuerttemberg"]
[Date "2003.10.26"]
[Round "2.6"]
[White "Keilhack, Harald"]
[Black "Loehr, Markus"]
[Result "0-1"]
[WhiteElo "2246"]
[BlackElo "2198"]
[PlyCount "78"]
[EventDate "2003.09.28"]
[EventType "team"]
[EventRounds "9"]
[EventCountry "GER"]
[SourceTitle "EXT 2006"]
[Source "ChessBase"]
[SourceDate "2005.11.24"]
[SourceVersion "1"]
[SourceVersionDate "2005.11.24"]
[SourceQuality "1"]
[WhiteTeam "Ditzingen"]
[BlackTeam "Schmiden Cannstatt"]
[WhiteTeamCountry "GER"]
[BlackTeamCountry "GER"]

1. Nf3 Nf6 2. c4 g6 3. Nc3 d5 4. cxd5 Nxd5 5. Qa4+ Bd7 6. Qh4 Nxc3 7. dxc3 Nc6 8. e4 e5 9. Bg5 Be7 10. Bc4 h6 11. Bxe7 Qxe7 12. Qg3 0-0-0 13. 0-0 Rhe8 14. Rfd1 g5 15. Nd2 h5 16. Nf1 g4 17. Qe3 h4 18. b4 Kb8 19. a4 Qf6 20. a5 Ne7 21. Rd2 Bc8 22. Rad1 Rxd2 23. Rxd2 Ng6 24. g3 Nf8 25. Be2 Nh7 26. f3 hxg3 27. Nxg3 gxf3 28. Qxf3 Qh6 29. Rc2 Ng5 30. Qd3 Nh3+ 31. Kf1 Nf4 32. Qe3 Qxh2 33. Qf2 Qh3+ 34. Ke1 Rg8 35. Nf1 Bg4 36. Bxg4 Rxg4 37. Kd1 Qd3+ 38. Nd2 Rg2 39. Qe1 Ne2 0-1

[Event "Roemer op 2nd"]
[Site "Rommelshausen"]
[Date "2002.06.29"]
[Round "3"]
[White "Schmittdiel, Eckhard"]
[Black "Keilhack, Harald"]
[Result "1-0"]
[WhiteElo "2475"]
[BlackElo "2246"]
[PlyCount "37"]
[EventDate "2002.06.28"]
[EventType "swiss"]
[EventRounds "9"]
[EventCountry "GER"]
[SourceTitle "CBM 089 Extra"]
[Source "ChessBase"]
[SourceDate "2002.09.10"]
[SourceVersion "2"]
[SourceVersionDate "2002.09.10"]
[SourceQuality "1"]

1. e4 c5 2. Nf3 e6 3. d4 cxd4 4. Nxd4 Nf6 5. Bd3 Nc6 6. Nxc6 bxc6 7. 0-0 d5 8. Nd2 Be7 9. b3 0-0 10. Bb2 Nd7 11. c4 Nc5 12. Bc2 Ba6 13. Qg4 Bf6 14. e5 Be7 15. Rad1 Qe8 16. Rfe1 f5 17. exf6 Bxf6 18. Ba3 Be7 19. b4 1-0

[Event "GER-ch 73th"]
[Site "Altenkirchen"]
[Date "2001.12.08"]
[Round "9"]
[White "Riegler, Dieter"]
[Black "Keilhack, Harald"]
[Result "1/2-1/2"]
[WhiteElo "2297"]
[BlackElo "2318"]
[PlyCount "27"]
[EventDate "2001.11.30"]
[EventType "swiss"]
[EventRounds "9"]
[EventCountry "GER"]
[SourceTitle "CBM 087"]
[Source "ChessBase"]
[SourceDate "2002.03.21"]
[SourceVersion "1"]
[SourceVersionDate "2002.03.21"]
[SourceQuality "1"]

1. d4 d5 2. c4 e6 3. Nc3 c5 4. cxd5 exd5 5. Nf3 Nc6 6. g3 Nf6 7. Bg2 Be7 8. 0-0 0-0 9. dxc5 Bxc5 10. Bg5 d4 11. Bxf6 Qxf6 12. Nd5 Qd8 13. Nd2 Re8 14. Rc1 1/2-1/2

[Event "GER-ch 73th"]
[Site "Altenkirchen"]
[Date "2001.12.07"]
[Round "8"]
[White "Keilhack, Harald"]
[Black "Knuth, Hannes"]
[Result "0-1"]
[WhiteElo "2318"]
[BlackElo "2313"]
[PlyCount "80"]
[EventDate "2001.11.30"]
[EventType "swiss"]
[EventRounds "9"]
[EventCountry "GER"]
[SourceTitle "CBM 087"]
[Source "ChessBase"]
[SourceDate "2002.03.21"]
[SourceVersion "1"]
[SourceVersionDate "2002.03.21"]
[SourceQuality "1"]

1. Nf3 g6 2. d4 Bg7 3. c4 c5 4. Nc3 cxd4 5. Nxd4 Nc6 6. Nc2 d6 7. g3 Be6 8. Ne3 Bxc3+ 9. bxc3 Nf6 10. Bg2 0-0 11. Nd5 Nd7 12. Bh6 Re8 13. h4 Nde5 14. h5 Nxc4 15. Nf4 Qd7 16. hxg6 hxg6 17. Nxe6 Qxe6 18. Kf1 Qf6 19. Bd5 Nb6 20. Bb3 d5 21. Qc1 Rac8 22. Bg5 Qg7 23. Bh6 Qh8 24. Rh4 Na5 25. Bd2 Qf6 26. Be1 Nac4 27. Qh6 Qg7 28. Qg5 f6 29. Qg4 f5 30. Qg5 Nd6 31. Qe3 e6 32. f3 Kf7 33. Qd4 g5 34. Rh2 Rh8 35. Rxh8 Rxh8 36. Qxg7+ Kxg7 37. Bf2 Nbc4 38. Bxc4 Nxc4 39. Bxa7 b6 40. Kf2 Ra8 0-1

[Event "GER-ch 73th"]
[Site "Altenkirchen"]
[Date "2001.12.04"]
[Round "5"]
[White "Muranyi, Karl Jasmin"]
[Black "Keilhack, Harald"]
[Result "1-0"]
[WhiteElo "2357"]
[BlackElo "2318"]
[PlyCount "129"]
[EventDate "2001.11.30"]
[EventType "swiss"]
[EventRounds "9"]
[EventCountry "GER"]
[SourceTitle "CBM 087"]
[Source "ChessBase"]
[SourceDate "2002.03.21"]
[SourceVersion "1"]
[SourceVersionDate "2002.03.21"]
[SourceQuality "1"]
[WhiteTeam "Illingen"]
[WhiteTeamCountry "GER"]

1. d4 d5 2. Bf4 g6 3. e3 Bg7 4. Nf3 Nf6 5. h3 c5 6. c3 Nc6 7. Nbd2 0-0 8. Be2 b6 9. Ne5 Nxe5 10. Bxe5 Bb7 11. 0-0 Nd7 12. Bxg7 Kxg7 13. b4 Qc7 14. bxc5 bxc5 15. Qa4 Rfc8 16. Rfb1 Nb6 17. Qa5 c4 18. Bg4 e6 19. Rb4 Bc6 20. Bd1 Nd7 21. Qxc7 Rxc7 22. Rab1 Kf8 23. Bc2 Ke7 24. f3 Kd6 25. Kf2 f6 26. e4 e5 27. dxe5+ Nxe5 28. exd5 Bxd5 29. Rd1 Ke7 30. f4 Nd3+ 31. Bxd3 cxd3 32. c4 Be6 33. Ke3 Rd8 34. Rdb1 h5 35. Rb7 Rdd7 36. Rxc7 Rxc7 37. Rb4 Bf5 38. Nb3 Kf7 39. Nd4 Re7+ 40. Kd2 Be4 41. g3 g5 42. fxg5 fxg5 43. Rb5 Rc7 44. Re5 Bg2 45. c5 Bxh3 46. Rxg5 Bg4 47. Kxd3 Kf6 48. Rd5 Rb7 49. c6 Rb2 50. c7 Rxa2 51. Nf5 Be2+ 52. Kc3 Ba6 53. Rd6+ Kxf5 54. Rxa6 Rxa6 55. c8Q+ Re6 56. Kd4 Kf6 57. Qc5 Kg6 58. Qxa7 Kg5 59. Qg7+ Rg6 60. Qe5+ Kh6 61. Qf4+ Rg5 62. Ke4 Kg6 63. Qd6+ Kg7 64. Kf4 Rg6 65. Qe5+ 1-0

[Event "Wuerttemberg op"]
[Site "Germany"]
[Date "2001.08.31"]
[Round "7"]
[White "Keilhack, Harald"]
[Black "Ott, Frank"]
[Result "0-1"]
[WhiteElo "2318"]
[BlackElo "2272"]
[PlyCount "140"]
[EventDate "2001.08.??"]
[EventType "swiss"]
[EventRounds "8"]
[EventCountry "GER"]
[SourceTitle "EXT 2002"]
[Source "ChessBase"]
[SourceDate "2001.11.25"]
[SourceVersion "1"]
[SourceVersionDate "2001.11.25"]
[SourceQuality "1"]

1. Nf3 Nf6 2. c4 d6 3. d4 Bg4 4. Qb3 Qc8 5. h3 Bd7 6. Nc3 Nc6 7. Qd1 e5 8. d5 Nd8 9. e4 Be7 10. Bd3 0-0 11. Be3 c5 12. Qd2 a6 13. a4 Rb8 14. 0-0 a5 15. Nh2 Ne8 16. f4 exf4 17. Bxf4 Bf6 18. Nf3 Qc7 19. Nb5 Bxb5 20. cxb5 b6 21. Ra2 Be5 22. b3 f6 23. g3 Nf7 24. Kh2 Qe7 25. Qc1 g6 26. Rg2 Ng7 27. Nd2 Bd4 28. Nc4 g5 29. Be3 Bxe3 30. Nxe3 Ne5 31. Bb1 Rbe8 32. Rgf2 Qd8 33. Kg2 Rf7 34. Re2 Kf8 35. Kf2 Ke7 36. Ke1 Kd7 37. Kd2 Kc8 38. Kc3 Kb7 39. Kb2 Qd7 40. Rh2 Ref8 41. Rff2 h5 42. Qf1 Qe7 43. Ka2 Qd7 44. Rh1 Kc7 45. Qe2 Qc8 46. Qf1 Kb8 47. Rhh2 Ka7 48. Qc1 Rc7 49. Nc4 Nxc4 50. bxc4 Rcf7 51. Qc3 Qd7 52. Kb2 Kb7 53. Bc2 Kc7 54. Kc1 Qe7 55. g4 Rh8 56. Kd2 Ne8 57. Ke1 hxg4 58. hxg4 Rfh7 59. Qg3 Qe5 60. Qxe5 dxe5 61. Rxh7+ Rxh7 62. Kd2 Kd6 63. Bd1 Ke7 64. Bf3 Nd6 65. Kd3 Rh3 66. Rf1 f5 67. gxf5 g4 68. Rh1 Rxf3+ 69. Ke2 Rh3 70. Rg1 Rh4 0-1

[Event "Leinfelden Schachtage op 1st"]
[Site "Leinfelden"]
[Date "2000.??.??"]
[Round "3"]
[White "Keilhack, Harald"]
[Black "Boehm, Stefan"]
[Result "1/2-1/2"]
[WhiteElo "2325"]
[BlackElo "2075"]
[PlyCount "52"]
[EventDate "2000.08.??"]
[EventType "swiss"]
[EventRounds "7"]
[EventCountry "GER"]
[SourceTitle "EXT 2003"]
[Source "ChessBase"]
[SourceDate "2002.11.25"]
[SourceVersion "1"]
[SourceVersionDate "2002.11.25"]
[SourceQuality "1"]

1. Nf3 c5 2. c4 Nc6 3. e3 e6 4. d4 cxd4 5. exd4 d5 6. Nc3 Nf6 7. Bd3 Be7 8. 0-0 0-0 9. a3 dxc4 10. Bxc4 a6 11. Ba2 Qa5 12. Qe2 Rd8 13. Rd1 Qh5 14. Bf4 Nd5 15. Nxd5 exd5 16. h3 Be6 17. Qe3 Bf6 18. Ne5 Bxe5 19. Bxe5 Rac8 20. Rd2 Na5 21. Re1 Nc4 22. Qg3 Qg6 23. Qxg6 hxg6 24. Rde2 Rc6 25. Bf4 Na5 26. Bd2 Nc4 1/2-1/2

[Event "Leinfelden Schachtage op 1st"]
[Site "Leinfelden"]
[Date "2000.??.??"]
[Round "2"]
[White "Werner, Bernd Michael"]
[Black "Keilhack, Harald"]
[Result "1-0"]
[WhiteElo "2172"]
[BlackElo "2325"]
[PlyCount "161"]
[EventDate "2000.08.??"]
[EventType "swiss"]
[EventRounds "7"]
[EventCountry "GER"]
[SourceTitle "EXT 2003"]
[Source "ChessBase"]
[SourceDate "2002.11.25"]
[SourceVersion "1"]
[SourceVersionDate "2002.11.25"]
[SourceQuality "1"]

1. e4 c5 2. c4 Nc6 3. Nc3 e6 4. g3 Nf6 5. Bg2 d5 6. d3 dxc4 7. dxc4 Qxd1+ 8. Nxd1 Nd4 9. Ne3 Nd7 10. f4 g5 11. Ne2 gxf4 12. Nxf4 Ne5 13. Kf2 Bd7 14. Rd1 0-0-0 15. Bd2 Bc6 16. Bc3 Be7 17. Ne2 Bf6 18. Rd2 b5 19. Rad1 Nxe2 20. Kxe2 b4 21. Rxd8+ Rxd8 22. Rxd8+ Kxd8 23. Bd2 a5 24. b3 a4 25. Nc2 Be7 26. Ne1 a3 27. Nd3 Nxd3 28. Kxd3 f5 29. Bf3 Kc7 30. Bf4+ Kb6 31. Ke3 Ba4 32. Bd1 Bd7 33. Bc2 Bf6 34. e5 Bg7 35. g4 fxg4 36. Bxh7 Be8 37. Be4 Bh5 38. Bh7 g3 39. hxg3 Bd1 40. Bb1 Kc6 41. Kd2 Bg4 42. Bc2 Bf3 43. Bd1 Be4 44. Kc1 Kd7 45. g4 Kc6 46. Bc2 Bf3 47. g5 Bg4 48. Kd2 Kd7 49. Ke3 Kc7 50. Bg3 Bh5 51. Kf4 Be2 52. Bf2 Kb6 53. Bh4 Kc7 54. g6 Kd7 55. Bf6 Bh6+ 56. Kg3 Ke8 57. Kh4 Bf3 58. Bg5 Bg7 59. Bf4 Kd7 60. Kg3 Bh5 61. Kf2 Bg4 62. Be3 Kc6 63. Bg5 Bxe5 64. Bh6 Bd4+ 65. Kg3 Bh5 66. Kh4 Bxg6 67. Bxg6 Kd6 68. Kg4 Bf6 69. Kf4 Be7 70. Ke4 Kc6 71. Be3 Bd6 72. Bf7 Kb6 73. Bxe6 Be7 74. Ke5 Bf8 75. Bf4 Bg7+ 76. Kd6 Bf8+ 77. Kd7 Bg7 78. Bd5 Bd4 79. Bc7+ Ka7 80. Kc6 Ka6 81. Be6 1-0